000 00341nam a22001457a 4500
003 OSt
005 20160511090830.0
008 160511b xxu||||| |||| 00| 0 eng d
020 _a0-933149-73-5
040 _cN/A
100 _aSUE SCHWARTZ
245 _aTHE NEW LANGUAGE OF TOYS
260 _aUSA
_bWOODBINE HOUSE
_c1996
942 _2lcc
_cBK
999 _c253480
_d253479